Panorama global de la emergencia en perspectiva constitucional (Registro nro. 33280)

Detalles MARC
000 -LEADER
fixed length control field 00383 a2200109 4500
001 - CONTROL NUMBER
control field ART_41540
005 - DATE AND TIME OF LATEST TRANSACTION
control field 20260410162023.0
008 - FIXED-LENGTH DATA ELEMENTS--GENERAL INFORMATION
fixed length control field 260409a
100 1# - MAIN ENTRY--PERSONAL NAME
Personal name Bidart Campos, German J.
245 10 - TITLE STATEMENT
Title Panorama global de la emergencia en perspectiva constitucional
773 0# - HOST ITEM ENTRY
Title Revista Iberoamericana de derecho constitucional
Related parts - Año I, Nº 1 (nov. 2003)
Record control number REV41515

No hay ítems disponibles.